Normal view
MARC view
Entry Personal Name
001 - CONTROL NUMBER
- control field: 3837
003 - CONTROL NUMBER IDENTIFIER
- control field: ARRUPE
005 - DATE AND TIME OF LATEST TRANSACTION
- control field: 20131126120928.0
008 - FIXED-LENGTH DATA ELEMENTS
- fixed length control field: 131126|| aca||aabn | a|a d
040 ## - CATALOGING SOURCE
- Original cataloging agency: ARRUPE
- Transcribing agency: ARRUPE
100 ## - HEADING--PERSONAL NAME
- Personal name: Asong, Linus T.
- Fuller form of name: (Linus Tongwo),
- Dates associated with a name: 1947-
670 ## - SOURCE DATA FOUND
- Source citation: Work cat.: (ARRUPE)0: Asong, Linus T. (Linus Tongwo), 1947-, Psychological constructs and the craft of African fiction of yesteryears :, c2012.